00244 a2200109 4500001000700000020000600007040001100013100002200024240004200046245003700088362000900125163527 a  cMagnum aMurad, Jose Elias10aComo enfrentar o abuso de drogaslpor10aComo enfrentar o abuso de drogas0 a1899